| 000 | 00469nam a22001697a 4500 | ||
|---|---|---|---|
| 005 | 20251108164253.0 | ||
| 008 | 250721s1994 xx 000 0 ara d | ||
| 082 | 1 | 4 | _a329.9565/حدا |
| 100 | 1 | _aحداد، تريز | |
| 245 | 1 | 0 | _aملف الأحزاب السياسية في الأردن 1919-1994 / |
| 264 | 1 |
_aعمان : _c1994. |
|
| 300 | _a153ص. | ||
| 650 | 1 | 7 | _aالأحزاب السياسية |
| 650 | 1 | 7 | _aالأردن |
| 942 |
_2ddc _cBK |
||
| 999 |
_c8004 _d8004 |
||